Mikromorphologische Verhältnisse im Lymphgefäss-System

Elmentve itt :
Bibliográfiai részletek
Szerzők: Kozma Márta
Gellért Albert
Poberai Mária
Dokumentumtípus: Cikk
Megjelent: 1965
Sorozat:Kolligátum
Kulcsszavak:Nyirokrendszer
Online Access:http://misc.bibl.u-szeged.hu/25638
LEADER 00620nab a2200193 i 4500
001 misc25638
005 20191108150024.0
008 170912s1965 hu o 0|| zxx d
040 |a SZTE Miscellanea Repozitórium  |b hun 
041 |a zxx 
100 1 |a Kozma Márta 
245 1 0 |a Mikromorphologische Verhältnisse im Lymphgefäss-System  |h [elektronikus dokumentum] /  |c  Kozma Márta 
260 |c 1965 
300 |a 361-363 
490 0 |a Kolligátum 
695 |a Nyirokrendszer 
700 0 1 |a Gellért Albert  |e aut 
700 0 1 |a Poberai Mária  |e aut 
856 4 0 |u http://misc.bibl.u-szeged.hu/25638/1/017_019_361-363.pdf  |z Dokumentum-elérés